| 000 | 00501cam a2200193ua 4500 | ||
|---|---|---|---|
| 001 | 9701 | ||
| 005 | 20260515114519.0 | ||
| 008 | 160614n ii |||gr||||Z||||||eng | ||
| 040 | _cMAIN | ||
| 041 | _aeng | ||
| 082 | _a133.1 | ||
| 100 |
_aSharma, Ashok Kumar, _eAuthor. |
||
| 245 |
_aWorld famous ghosts _cby Ashok Kumar Sharma |
||
| 250 | _a13th ed. | ||
| 260 |
_aDelhi: _bFamily books pvt. ltd., _c1999. |
||
| 300 | _a128p. | ||
| 653 | _aSpecific topics in parapsychology & occultism | ||
| 942 | _cBK | ||
| 999 |
_c8707 _d8707 |
||